Prospects for use of finely disperse quartz sands in production of foam-glass crystalline materials; Glass and Ceramics; Vol. 65, N 9-10
| Parent link: | Glass and Ceramics.— , 2008 Vol. 65, N 9-10.— 2008.— P. 319-321 |
|---|---|
| Autore principale: | |
| Altri autori: | , |
| Riassunto: | Use of finely disperse Tuganskoe quartz sands (Tomsk Oblast) in production of foam-glass crystalline materials by low-temperature synthesis of glass granulate instead of cullet was investigated. The important possibility of manufacturing foam-glass crystalline materials with basic process properties as good as traditional foam glass made from cullet was established В фонде НТБ ТПУ отсутствует |
| Lingua: | inglese |
| Pubblicazione: |
2008
|
| Soggetti: | |
| Natura: | MixedMaterials Capitolo di libro |
| KOHA link: | https://koha.lib.tpu.ru/cgi-bin/koha/opac-detail.pl?biblionumber=596005 |
MARC
| LEADER | 00000naa0a2200000 4500 | ||
|---|---|---|---|
| 001 | 596005 | ||
| 005 | 20250324113953.0 | ||
| 035 | |a (RuTPU)RU\TPU\tpu\17975 | ||
| 035 | |a RU\TPU\tpu\17973 | ||
| 090 | |a 596005 | ||
| 100 | |a 20100903d2008 k||y0rusy50 ba | ||
| 101 | 0 | |a eng | |
| 102 | |a RU | ||
| 200 | 1 | |a Prospects for use of finely disperse quartz sands in production of foam-glass crystalline materials |f O. V. Kaz'mina, V. I. Vereshchagin, A. N. Abiyaka | |
| 320 | |a References: p. 321 | ||
| 330 | |a Use of finely disperse Tuganskoe quartz sands (Tomsk Oblast) in production of foam-glass crystalline materials by low-temperature synthesis of glass granulate instead of cullet was investigated. The important possibility of manufacturing foam-glass crystalline materials with basic process properties as good as traditional foam glass made from cullet was established | ||
| 333 | |a В фонде НТБ ТПУ отсутствует | ||
| 461 | |t Glass and Ceramics |d 2008 | ||
| 463 | |t Vol. 65, N 9-10 |v P. 319-321 |d 2008 | ||
| 610 | 1 | |a труды учёных ТПУ | |
| 700 | 1 | |a Kazmina |b O. V. |c Chemical Engineer |c Professor of Tomsk Polytechnic University, Doctor of technical sciences |f 1967- |g Olga Viktorovna |9 16846 | |
| 701 | 1 | |a Vereshchagin (Vereschagin, Vereshagin) |b V. I. |c Chemical Engineer |c Professor of Tomsk Polytechnic University, Doctor of technical sciences |f 1942- |g Vladimir Ivanovich |3 (RuTPU)RU\TPU\pers\26325 |9 12080 | |
| 701 | 1 | |a Abiyaka |b A. N. | |
| 801 | 1 | |a RU |b 63413507 |c 20100831 | |
| 801 | 2 | |a RU |b 63413507 |c 20120523 |g RCR | |
| 942 | |c CR | ||